The International Handbook of Islamic Banking and Finance / (Record no. 17362)
[ view plain ]
| 000 -LEADER | |
|---|---|
| fixed length control field | 01747cam a2200289 a 4500 |
| 001 - CONTROL NUMBER | |
| control field | 16116067 |
| 005 - DATE AND TIME OF LATEST TRANSACTION | |
| control field | 20161023121659.0 |
| 008 - FIXED-LENGTH DATA ELEMENTS--GENERAL INFORMATION | |
| fixed length control field | 100303s2009 enka b 001 0 eng d |
| 010 ## - LIBRARY OF CONGRESS CONTROL NUMBER | |
| LC control number | 2010285580 |
| 020 ## - INTERNATIONAL STANDARD BOOK NUMBER | |
| International Standard Book Number | 1906403317 |
| 020 ## - INTERNATIONAL STANDARD BOOK NUMBER | |
| International Standard Book Number | 9781906403317 |
| 082 00 - DEWEY DECIMAL CLASSIFICATION NUMBER | |
| Classification number | 332.1088297 |
| Edition number | 22 |
| Item number | JAC |
| 100 1# - MAIN ENTRY--PERSONAL NAME | |
| Personal name | Jackson-Moore, Elisabeth. |
| 9 (RLIN) | 32844 |
| 245 14 - TITLE STATEMENT | |
| Title | The International Handbook of Islamic Banking and Finance / |
| Statement of responsibility, etc | Elisabeth Jackson-Moore. |
| 260 ## - PUBLICATION, DISTRIBUTION, ETC. (IMPRINT) | |
| Place of publication, distribution, etc | Hawkhurst, Cranbrook, Kent : |
| Name of publisher, distributor, etc | Global Professional Pub., |
| Date of publication, distribution, etc | c2009. |
| 300 ## - PHYSICAL DESCRIPTION | |
| Extent | 259 p. : |
| Other physical details | ill. ; |
| Dimensions | 25 cm. |
| 504 ## - BIBLIOGRAPHY, ETC. NOTE | |
| Bibliography, etc | Includes bibliographical references and index. |
| 505 0# - FORMATTED CONTENTS NOTE | |
| Formatted contents note | Introduction and overview -- Foundations of Islamic finance -- Operations of Islamic banks -- Islamic contracts -- Shari'a compliance and legal issues -- Financing instruments.... -- .... and their funding -- Liquidity management -- Risk management in Islamic financial institutions -- Islamic accounting standards -- Regulation of Islamic financial institutions -- International Islamic banking -- Islamic equity investments and Islamic funds -- Islamic bonds -- Islamic financial centres -- Major Islamic institutions -- Islamic microfinance -- Takaful -- Organisations involved in the development of Islamic finance -- Educational institutions offering courses and/or qualifications in Islamic finance -- Future prospects. |
| 650 #0 - SUBJECT ADDED ENTRY--TOPICAL TERM | |
| Topical term or geographic name as entry element | Banks and banking |
| Geographic subdivision | Islamic countries. |
| 9 (RLIN) | 28054 |
| Source of heading or term | BUEsh |
| 650 #0 - SUBJECT ADDED ENTRY--TOPICAL TERM | |
| Topical term or geographic name as entry element | Banks and banking |
| General subdivision | Religious aspects |
| -- | Islam. |
| 9 (RLIN) | 32829 |
| Source of heading or term | BUEsh |
| 650 #0 - SUBJECT ADDED ENTRY--TOPICAL TERM | |
| Topical term or geographic name as entry element | Finance |
| General subdivision | Religious aspects |
| -- | Islam. |
| 9 (RLIN) | 28658 |
| Source of heading or term | BUEsh |
| 650 17 - SUBJECT ADDED ENTRY--TOPICAL TERM | |
| Topical term or geographic name as entry element | Islamitische economie. |
| Source of heading or term | gtt |
| 9 (RLIN) | 32845 |
| 650 #0 - SUBJECT ADDED ENTRY--TOPICAL TERM | |
| 9 (RLIN) | 32713 |
| Topical term or geographic name as entry element | Finance |
| Geographic subdivision | Islamic countries |
| Source of heading or term | BUEsh |
| 651 ## - SUBJECT ADDED ENTRY--GEOGRAPHIC NAME | |
| Source of heading or term | BUEsh |
| 653 ## - INDEX TERM--UNCONTROLLED | |
| Arrived date list | March2013 |
| 942 ## - ADDED ENTRY ELEMENTS (KOHA) | |
| Source of classification or shelving scheme | Dewey Decimal Classification |
| Item type | Book - Borrowing |
| Withdrawn status | Item status | Source of classification or shelving scheme | Damaged status | Not for loan | Vendor | Home library | Current library | Shelving location | Date acquired | Source of acquisition | Total Checkouts | Total Renewals | Full call number | Barcode | Date last seen | Date last borrowed | Koha item type |
|---|---|---|---|---|---|---|---|---|---|---|---|---|---|---|---|---|---|
| Dewey Decimal Classification | Baccah | Central Library | Central Library | First floor | 17/03/2013 | 7 | 55 | 332.1088297 JAC | 000028490 | 15/07/2025 | 08/01/2019 | Book - Borrowing |